000 00955nas a2200325 4500
001 BR2014007924
003 BR-BrBNA
005 20231205124823.0
007 ta
008 230509b bl.|||p| |||| 00| 00por d
040 _aBR-BrBNA
_bpor
_cBiblioteca Nacional de Agricultura
041 _a(En)
072 _aF30
100 1 _aFranco, F. de A.
100 1 _aMarchioro, V.S.
100 1 _aSchuster, I.
100 1 _aNora, T.D.
100 1 _aLima, F.J.A. de
100 1 _aEvangelista, A.
100 1 _aPolo, M.
100 1 _aPrado, C.M. do
245 1 _aCD122- Bread wheat, suitable for cultivation across southern
650 _aTRITICUM AESTIVUM
650 _aTRIGO
650 _aMELHORAMENTO GENÉTICO VEGETAL
650 _aRENDIMENTO
773 0 _tCrop Breeding and Applied Biotechnology (Brazil)
_xISSN 1518-7853
_g(Jun 2014), v. 14(2) p.136-138
_wBR2014007924
909 _a202311
_bLúcia
_c55
_dLúcia Elande
942 _2AGRIS
_n0
_cANA
999 _c241070
_d241070